Statystyki dla Playboi Carti (ALBUM TRACKLIST)(EASY)

Kliknij tutaj aby rozwiązać quiz!

Ogólne statystyki

  • Ten quiz został rozwiązany 4 razy
  • Średni wynik to 5 z 15

Statystyki odpowiedzi

#Song Name% Poprawnych
2Magnolia
100%
1Location
50%
7New Choppa
50%
10dothatshit!
25%
13Flex
25%
15Had 2
25%
6Half & Half
25%
14Kelly K
25%
11Lame Niggaz
25%
5Let It Go
25%
3Lookin
25%
9NO. 9
25%
8Other Shit
25%
4wokeuplikethis*
25%
12Yah Mean
25%

Rozkład punktacji

Percentyl według liczby udzielonych odpowiedzi

Procent ludzi z każdym wynikiem

Twoja historia wyników

Nie rozwiązałeś tego quizu